[Event "GER OL-366 email"]
[Site "GER email"]
[Date "2009.??.??"]
[Round "?"]
[White "Schmiederer, Helmut"]
[Black "Gottsmann, Lothar"]
[Result "1-0"]
[WhiteElo "1662"]
[BlackElo "1456"]
[PlyCount "123"]
[EventDate "2009.??.??"]
[EventType "tourn (corr)"]
[EventRounds "6"]
[EventCountry "GER"]
[SourceTitle "Corr 2020"]
[Source "ChessBase"]
[SourceDate "2019.09.30"]
[SourceVersion "1"]
[SourceVersionDate "2019.09.30"]
[SourceQuality "1"]

1. d4 Nf6 2. Bf4 e6 3. Nf3 d5 4. e3 Bd6 5. Ne5 0-0 6. Be2 c6 7. Nd2 Qc7 8. 0-0 Nbd7 9. Ndf3 Ne4 10. c4 dxc4 11. Qc2 Nef6 12. Bxc4 Nb6 13. b3 Nbd5 14. Bg3 Nh5 15. Bd3 g6 16. a3 Nxg3 17. hxg3 Rd8 18. Nc4 Bf8 19. Rfd1 Bg7 20. Rac1 Bd7 21. e4 Nf6 22. Nce5 Be8 23. Be2 Nd7 24. Nd3 Bf8 25. b4 Bh6 26. Rb1 Bg7 27. Nc5 Nxc5 28. bxc5 Rd7 29. Qa4 Rdd8 30. Qb3 Rab8 31. Rbc1 b5 32. Rc3 a5 33. Rcd3 b4 34. axb4 Qb7 35. Ra1 Qxb4 36. Qd1 Qb7 37. Rxa5 Qb1 38. Ra1 Qxd1+ 39. Rdxd1 Rb2 40. Kf1 Rb4 41. e5 h6 42. Rdb1 Rxb1+ 43. Rxb1 h5 44. Bd3 g5 45. Nxg5 Rxd4 46. Be2 Rd5 47. Rb8 Kf8 48. Nxe6+ fxe6 49. Bxh5 Bxe5 50. Rxe8+ Kg7 51. Rxe6 Rxc5 52. Bf3 Kf7 53. Rxc6 Rxc6 54. Bxc6 Kf6 55. Be4 Bd4 56. f4 Be3 57. Ke2 Bc1 58. Kf3 Kg7 59. g4 Bd2 60. g5 Kf7 61. Kg4 Bc3 62. Kh5 1-0

[Event "GER OL-251 email"]
[Site "GER email"]
[Date "2009.??.??"]
[Round "?"]
[White "Schmiederer, Helmut"]
[Black "Temme, Stefan"]
[Result "1/2-1/2"]
[WhiteElo "1662"]
[BlackElo "1640"]
[PlyCount "63"]
[EventDate "2009.??.??"]
[EventType "tourn (corr)"]
[EventRounds "6"]
[EventCountry "GER"]
[SourceTitle "Corr 2020"]
[Source "ChessBase"]
[SourceDate "2019.09.30"]
[SourceVersion "1"]
[SourceVersionDate "2019.09.30"]
[SourceQuality "1"]

1. d4 d5 2. Nf3 Nf6 3. Bf4 g6 4. e3 Bg7 5. c4 c6 6. Bd3 0-0 7. 0-0 dxc4 8. Bxc4 Nd5 9. Bg3 Nd7 10. Nbd2 N7f6 11. Qc2 Nb6 12. Bb3 a5 13. a4 Nbd5 14. e4 Nb4 15. Qc3 b6 16. Rad1 Ba6 17. Rfe1 Rc8 18. Nc4 Bxc4 19. Bxc4 b5 20. Bb3 Nd7 21. Ne5 Nb6 22. Ra1 bxa4 23. Bxa4 c5 24. dxc5 Bxe5 25. Bxe5 Nd3 26. Bb5 Rxc5 27. Qxd3 Qxd3 28. Bxd3 Rxe5 29. f4 Rc5 30. Rec1 Rxc1+ 31. Rxc1 Rd8 32. Bb5 1/2-1/2